000
00228nam a2200097Ia 4500
008
240331s9999 xx 000 0 und d
082
_b
JAY
100
_a
Jayawardena, K.P
245
0
_a
Women and governance in Sri Lanka
942
_c
L
999
_c
5494
_d
5494